Advances in Design for Inclusion Proceedings of the AHFE 2017 International Conference on Design for Inclusion, July 17-21, 2017, The Westin Bonaventure Hotel, Los Angeles, California, USA /

This book addresses a range of topics in design, such as universal design, design for all, digital inclusion, universal usability, and accessibility of technologies regardless of people's age, financial situation, education, geographic location, culture and language. It especially focuses on ac...

Full description

Bibliographic Details
Corporate Author: SpringerLink (Online service)
Other Authors: Di Bucchianico, Giuseppe (Editor, http://id.loc.gov/vocabulary/relators/edt), Kercher, Pete F. (Editor, http://id.loc.gov/vocabulary/relators/edt)
Format: Electronic eBook
Language:English
Published: Cham : Springer International Publishing : Imprint: Springer, 2018.
Edition:1st ed. 2018.
Series:Advances in Intelligent Systems and Computing, 587
Subjects:
Online Access:Full Text via HEAL-Link
LEADER 03432nam a2200517 4500
001 978-3-319-60597-5
003 DE-He213
005 20191021181503.0
007 cr nn 008mamaa
008 170610s2018 gw | s |||| 0|eng d
020 |a 9783319605975  |9 978-3-319-60597-5 
024 7 |a 10.1007/978-3-319-60597-5  |2 doi 
040 |d GrThAP 
050 4 |a Q342 
072 7 |a UYQ  |2 bicssc 
072 7 |a TEC009000  |2 bisacsh 
072 7 |a UYQ  |2 thema 
082 0 4 |a 006.3  |2 23 
245 1 0 |a Advances in Design for Inclusion  |h [electronic resource] :  |b Proceedings of the AHFE 2017 International Conference on Design for Inclusion, July 17-21, 2017, The Westin Bonaventure Hotel, Los Angeles, California, USA /  |c edited by Giuseppe Di Bucchianico, Pete F Kercher. 
250 |a 1st ed. 2018. 
264 1 |a Cham :  |b Springer International Publishing :  |b Imprint: Springer,  |c 2018. 
300 |a XIII, 528 p. 220 illus.  |b online resource. 
336 |a text  |b txt  |2 rdacontent 
337 |a computer  |b c  |2 rdamedia 
338 |a online resource  |b cr  |2 rdacarrier 
347 |a text file  |b PDF  |2 rda 
490 1 |a Advances in Intelligent Systems and Computing,  |x 2194-5357 ;  |v 587 
520 |a This book addresses a range of topics in design, such as universal design, design for all, digital inclusion, universal usability, and accessibility of technologies regardless of people's age, financial situation, education, geographic location, culture and language. It especially focuses on accessibility for people with auditory, cognitive, neurological, and visual impairments, ageing populations, and mobility for those with special physical needs. The book explores some of the overlaps between inclusive design and web accessibility to help managers, designers, developers, policy makers, and researchers optimize their efforts in these areas. Based on the AHFE 2017 International Conference on Design for Inclusion, held on July 17-21, 2017 in Los Angeles, California, USA, it discusses new design technologies and highlights the disparate needs of the individuals within a community. Thanks to its multidisciplinary approach, the book represents a useful resource for readers with various backgrounds, providing them a timely, practice-oriented guide to design for inclusion. 
650 0 |a Computational intelligence. 
650 0 |a Engineering design. 
650 0 |a Industrial design. 
650 0 |a Cognitive psychology. 
650 1 4 |a Computational Intelligence.  |0 http://scigraph.springernature.com/things/product-market-codes/T11014 
650 2 4 |a Engineering Design.  |0 http://scigraph.springernature.com/things/product-market-codes/T17020 
650 2 4 |a Industrial Design.  |0 http://scigraph.springernature.com/things/product-market-codes/K19020 
650 2 4 |a Cognitive Psychology.  |0 http://scigraph.springernature.com/things/product-market-codes/Y20060 
700 1 |a Di Bucchianico, Giuseppe.  |e editor.  |4 edt  |4 http://id.loc.gov/vocabulary/relators/edt 
700 1 |a Kercher, Pete F.  |e editor.  |4 edt  |4 http://id.loc.gov/vocabulary/relators/edt 
710 2 |a SpringerLink (Online service) 
773 0 |t Springer eBooks 
776 0 8 |i Printed edition:  |z 9783319605968 
776 0 8 |i Printed edition:  |z 9783319605982 
830 0 |a Advances in Intelligent Systems and Computing,  |x 2194-5357 ;  |v 587 
856 4 0 |u https://doi.org/10.1007/978-3-319-60597-5  |z Full Text via HEAL-Link 
912 |a ZDB-2-ENG 
950 |a Engineering (Springer-11647)